Roger Federer Grand Slam Losses - Statistics

General Stats
  • This quiz has been taken 165 times
    61 since last reset
  • The average score is 39 of 60
Answer Stats
Year Tournament Round Player % Correct
2008 Australian Open SF Novak Djokovic
100%
2010 US Open SF Novak Djokovic
100%
2011 Australian Open SF Novak Djokovic
100%
2011 US Open SF Novak Djokovic
100%
2012 Roland Garros SF Novak Djokovic
100%
2014 Wimbledon F Novak Djokovic
100%
2015 Wimbledon F Novak Djokovic
100%
2015 US Open F Novak Djokovic
100%
2016 Australian Open SF Novak Djokovic
100%
2019 Wimbledon F Novak Djokovic
100%
2020 Australian Open SF Novak Djokovic
100%
2005 Roland Garros SF Rafael Nadal
98%
2006 Roland Garros F Rafael Nadal
98%
2007 Roland Garros F Rafael Nadal
98%
2008 Roland Garros F Rafael Nadal
98%
2008 Wimbledon F Rafael Nadal
98%
2009 Australian Open F Rafael Nadal
98%
2011 Roland Garros F Rafael Nadal
98%
2012 Australian Open SF Rafael Nadal
98%
2014 Australian Open SF Rafael Nadal
98%
2019 Roland Garros SF Rafael Nadal
98%
2013 Australian Open SF Andy Murray
96%
2015 Roland Garros QF Stan Wawrinka
89%
2001 US Open R16 Andre Agassi
85%
2009 US Open F Juan Martín del Potro
85%
2017 US Open QF Juan Martín del Potro
85%
2010 Wimbledon QF Tomáš Berdych
80%
2012 US Open QF Tomáš Berdych
80%
2011 Wimbledon QF Jo-Wilfried Tsonga
74%
2013 Roland Garros QF Jo-Wilfried Tsonga
74%
2014 US Open SF Marin Čilić
74%
2005 Australian Open SF Marat Safin
70%
2018 Wimbledon QF Kevin Anderson
69%
2019 Australian Open R16 Stefanos Tsitsipas
67%
2016 Wimbledon SF Milos Raonic
65%
2010 Roland Garros QF Robin Söderling
65%
2021 Wimbledon QF Hubert Hurkacz
61%
2000 US Open R32 Juan Carlos Ferrero
50%
2019 US Open QF Grigor Dimitrov
48%
2004 Roland Garros R32 Gustavo Kuerten
48%
2003 Australian Open R16 David Nalbandian
39%
2003 US Open R16 David Nalbandian
39%
2015 Australian Open R32 Andreas Seppi
37%
1999 Roland Garros R128 Patrick Rafter
37%
2014 Roland Garros R16 Ernests Gulbis
35%
2013 Wimbledon R64 Sergiy Stakhovsky
33%
2013 US Open R16 Tommy Robredo
33%
2018 US Open R16 John Millman
31%
2000 Wimbledon R128 Yevgeny Kafelnikov
30%
2001 Wimbledon QF Tim Henman
28%
2002 Australian Open R16 Thomas Haas
26%
2000 Roland Garros R16 Àlex Corretja
19%
2001 Roland Garros QF Àlex Corretja
19%
2000 Australian Open R32 Arnaud Clément
15%
2001 Australian Open R32 Arnaud Clément
15%
2002 Wimbledon R128 Mario Ančić
15%
1999 Wimbledon R128 Jiří Novák
6%
2002 US Open R16 Max Mirnyi
4%
2002 Roland Garros R128 Hicham Arazi
2%
2003 Roland Garros R128 Luis Horna
2%
No matching quizzes found
Score Distribution
Percent of People with Each Score
Percentile by Number Answered
Your Score History
You have not taken this quiz since the last reset